ATEEZ Quiz (Are you a real ATINY?) - Statistics

General Stats
  • This quiz has been taken 206 times
  • The average score is 58 of 100
Answer Stats
Question Answer % Correct
Who is Seonghwa?
99%
Who is Yeosang?
98%
Who is San?
98%
Who is Wooyoung?
98%
Which one is Ateez's official fandom name? Atiny
98%
Who is Mingi?
97%
Who is the leader (captain)? Hongjoong
97%
Who is Hongjoong?
96%
Who is the main vocalist? Jongho
96%
Ateez is under what entertainment? KQ
96%
Who is Yunho?
95%
Who is Jongho?
95%
Who are the main rappers? Hongjoong-Mingi
95%
Who is the maknae? Jongho
94%
Which one is Ateez's official greeting? 8 MAKES 1 TEAM! Hello, we are ATEEZ!
92%
Which one is Ateez's lightstick?
90%
What was Ateez's debut song? Pirate King
88%
Who is the oldest? Seonghwa
87%
Which member Ateez member is known as the "mom" of the group? Seonghwa
87%
Which member Ateez member is known as the "father" of the group? Hongjoong
86%
"Got a fur coat, so I make it purr Give 'em whiplash when they see me earn" Which song do these lyrics belong to? Work
85%
Which Ateez member is the main composer? Hongjoong
81%
"Bring back, microphone, 볼륨 올려 Sit back and relax, everybody" Which song do these lyrics belong to? Bouncy
80%
Who are the visuals? Seonghwa-Yeosang
79%
Who really likes plushies and has a collection? San
77%
Who can break fruits in half with his bare hands? Jongho
76%
Who is the tallest? Yunho
76%
Who is the shortest? Hongjoong
75%
"Read between the lines, look here, Lucifer Devil in disguise, we know how this works" Which song do these lyrics belong to? In Your Fantasy
75%
As of March 2023, who has 92 KOMCA credits? (KOMCA: Korean Music Copyright Association) Hongjoong
74%
"Ninety-two-four, kick that drum My ego in this show" Which song do these lyrics belong to? Crazy Form
73%
Who has two tattoos: one on his ankle featuring the word ‘faith’ with wings and another on his inner right arm saying ‘NO 1 LIKE ME’? Hongjoong
73%
Which members are former Big Hit trainees? Yeosang-Wooyoung
73%
Who was the first to join KQ Entertainment? Hongjoong
71%
When is Hongjoon's birthday? 7 November 1998
69%
Which members has a matching tattoo saying ‘amicus ad aras’ (meaning ‘friends until the end’)? San-Wooyoung
69%
Which date did they debut? 24 October 2018
68%
"Somebody, take me there Getting out of the gray city" Which song do these lyrics belong to? Take Me Home
68%
Whose nickname is Golden Retriever? Yunho
68%
When is Seonghwa's birthday? 3 April 1998
66%
Which member took a break due to anxiety problems? (it took 8 months) Mingi
65%
Who has a distinctive birthmark near his left eye? Yeosang
65%
When is Yunho's birthday? 23 March 1999
59%
"I'm in love I'm dream in a dream every night" Which song do these lyrics belong to? Inception
59%
Who had the same vocal coach as EXO/Super M’s Baekhyun? Jongho
59%
Whose dad is a Taekwondo instructor? San
59%
Who rapped in his first audition, but debuted as a vocalist instead? Seonghwa
59%
Who has a black belt in Taekwondo? San
58%
Who comes from the royal Choi Clan of Gyeongju in South Korea? San
57%
"We’re still young and wild We gonna find new world to be mine" Which song do these lyrics belong to? Wonderland
57%
When is San's birthday? 10 July 1999
55%
Who look like Toothless from the movie How to Train Your Dragon? (according to fans) Seonghwa
55%
When is Mingi's birthday? 9 August 1999
54%
Which member created a character named ‘Hehetmon’? Yeosang
54%
Who has composed around 40 songs for the group? Hongjoong
53%
Who is the first idol from Namhae and he takes great pride in it, in 2021, he even became a promotional ambassador for his hometown? San
53%
Which album did they debut? Treasure Ep.1: All to Zero
53%
Who held his first film photo exhibition named From November 7, 1998 at GALLERY99 in Mapo-gu, Seoul from November 1-November 7, 2022? Hongjoong
52%
Who has a cat named Byeol? San
52%
When is Yeosang's birthday? 15 June 1999
51%
When is Wooyoung's birthday? 26 November 1999
51%
As of March 2023, who has 86 KOMCA credits? Mingi
51%
Which members debuted as an actor in the Korean drama Imitation? Seonghwa-Yunho-San-Jongho
51%
Who is the strongest member? Jongho
50%
Which MV has the most view? Bouncy
49%
Who is a former Maroo Entertainment trainee? Mingi
49%
Who received offers from 6 different companies before choosing KQ Entertainment. Hongjoong said that the team leader of the rookie team made a lot of effort to make this member join the agency? Yeosang
49%
When is Jongho's birthday? 12 October 2000
48%
"I'm giving you my invitation Eyes on me, pay attention" Which song do these lyrics belong to? Fireworks (I'm The One)
48%
Who is fluent in Japanese? San
47%
Which members have known each other before joining KQ Entertainment,they both auditioned for the company without the other knowing and met at the audition? Yunho-Mingi
47%
Which members got accepted from Joy Dance and Plug In Music Academy? Yunho-Mingi
42%
Who has been an MC for SBS MTV ‘The Show’ since February 19, 2021? Yeosang
37%
Who are the main dancers? Yunho-San-Mingi-Wooyoung
36%
In High School, who was the head of the dance club? Seonghwa
34%
Angrybird is whose nickname? Seonghwa
33%
Who attended Hanlim Multi Arts High School? Wooyoung
32%
Which members used to attend Seungri’s Dance Academy which is run by BIG BANG‘s Seungri? Yunho-Mingi
32%
Which members was a contestant on MIXNINE? Hongjoong-Mingi-Wooyoung-Jongho
31%
Who studied in Australia? Seonghwa
30%
Which members auditioned for MIXNINE but didn’t pass? Seonghwa-Yunho-Yeosang-San
30%
Which members got selected by Millennium dance complex? Yunho-Wooyoung
29%
Who are the hosts of MBC’s Idol Radio Season 3? Hongjoong-Mingi
28%
Who was a contestant on MIXNINE. He ranked 43rd overall and was eliminated in episode 10? Jongho
27%
Who is a former TOP Media trainee? Jongho
27%
Who appeared in JTBC’s documentary “Fill In The Blank“? Wooyoung
26%
Who was a contestant on MIXNINE. He ranked 132nd overall and was eliminated in episode 7? Wooyoung
25%
Whose mom used to be a basketball player? Jongho
23%
Who has a younger brother who is a former archery player? Jongho
23%
Who was a contestant on MIXNINE, he ranked 113th overall and was eliminated in episode 7? Mingi
23%
Who graduated from SOPA? (School of Performing Arts Seoul) Yunho
22%
Who is the center? Hongjoong
21%
Which one isn't a Hongjoong's nickname? Leader
21%
Who loves poetry and writes for himself? San
21%
Which member known as the speaker of facts? Yeosang
21%
Who used to play volleyball and was the libero, in high school? San
19%
Who attended IB Music Academy? Yeosang
19%
Who used to attend ‘Rhythm Company’? Seonhwa
16%
Who was ranked 7th in the MIXNINE Just Dance showcase, and later he was ranked 42? Hongjoong
14%
Who attended SIMS Academy? Hongjoong
12%
No matching quizzes found
Score Distribution
Percent of People with Each Score
Percentile by Number Answered
Your Score History
You have not taken this quiz